| 000 | 00384nam a22001577a 4500 | ||
|---|---|---|---|
| 003 | MACL | ||
| 005 | 20151120122340.0 | ||
| 008 | 151120b xxu||||| |||| 00| 0 eng d | ||
| 040 | _cMACL | ||
| 041 | _aEnglish | ||
| 082 | _a658 | ||
| 100 |
_aGopalaswamy,T.P _917591 |
||
| 245 | _aRural Marketing Environment Problems and Strategies | ||
| 650 |
_aMarketing _917592 |
||
| 942 |
_2ddc _cBK |
||
| 999 |
_c50732 _d50732 |
||